000 00275nam a2200121Ia 4500
100 _aCarrier/
942 _cRB
654 _aHand book
245 _aHand book of airconditining system design
260 _bMcGraw Hill
_aNew York
_c1965
082 _a697.93
546 _aENGLISH
999 _c33034
_d33034